00634nam a2200217 i 4500001001100000003000500011005001700016008004100033020002600074040002500100082001700125245002800142264005300170300004800223336002100271337002500292338002300317490002400340650002800364830002400392C2-0248600PPAK20210601153212.0030415s2003 my a j | 0 may d a9831653742qpaperback aPPAKbengcPPAKerda04a499.238622300aKuda peliharaan Jabar / 1aPetaling Jaya, Selangor : bKualiti Books,c2003 a16 pages : bcolour illustrations ; c26 cm 2rdacontentatext 2rdamediaaunmediated 2rdacarrieravolume1 aKoleksi Arab klasik10aMalay languagevReaders 0aKoleksi Arab klasik